[Event "Rheinhessen-ch U16/U18"]
[Site "Oppenheim"]
[Date "2015.01.05"]
[Round "1"]
[White "Pampel, Dominik"]
[Black "Heck, Kai Anton"]
[Result "1-0"]
[WhiteElo "1290"]
[BlackElo "929"]
[PlyCount "51"]
[EventDate "2015.01.03"]
[EventType "swiss"]
[EventRounds "7"]
[EventCountry "GER"]
[SourceTitle "EXT 2017"]
[Source "ChessBase"]
[SourceDate "2016.10.25"]
[SourceVersion "1"]
[SourceVersionDate "2016.10.25"]
[SourceQuality "1"]

1. d4 d5 2. c4 e6 3. Nf3 Nc6 4. Bf4 Nf6 5. e3 Bd7 6. Nc3 Be7 7. Qb3 Bb4 8. cxd5 Nxd5 9. Bg3 0-0 10. Bd3 Bxc3+ 11. bxc3 Rb8 12. 0-0 a6 13. Qc2 Qe7 14. Bxh7+ Kh8 15. Bd3 g6 16. Ne5 Nxe5 17. Bxe5+ Kh7 18. g3 Bc6 19. h4 Bb5 20. Bxb5 axb5 21. h5 Kh6 22. hxg6 fxg6 23. Kg2 Rf5 24. Rh1+ Kg5 25. f4+ Kg4 26. Qe2# 1-0

[Event "Rheinhessen-ch U16/U18"]
[Site "Oppenheim"]
[Date "2015.01.05"]
[Round "4"]
[White "Pampel, Dominik"]
[Black "Seibert, Amadeus"]
[Result "1-0"]
[WhiteElo "1290"]
[BlackElo "1166"]
[PlyCount "57"]
[EventDate "2015.01.03"]
[EventType "swiss"]
[EventRounds "7"]
[EventCountry "GER"]
[SourceTitle "EXT 2017"]
[Source "ChessBase"]
[SourceDate "2016.10.25"]
[SourceVersion "1"]
[SourceVersionDate "2016.10.25"]
[SourceQuality "1"]

1. d4 d5 2. c4 dxc4 3. Nc3 c6 4. Bf4 Bf5 5. e3 Nf6 6. Bxc4 e6 7. Nf3 Bb4 8. 0-0 0-0 9. Qb3 Bxc3 10. bxc3 b5 11. Be2 a6 12. Ne5 Be4 13. Rac1 Nfd7 14. c4 c5 15. cxb5 cxd4 16. Nxd7 Qxd7 17. Rfd1 Bd5 18. Qb4 Bxa2 19. Rc7 Qe8 20. Bd6 Qd8 21. Rxd4 Bd5 22. h3 axb5 23. Bxb5 Na6 24. Bxa6 Rxa6 25. Bf4 Qa8 26. f3 Bxf3 27. gxf3 Qxf3 28. Qxf8+ Kxf8 29. Rd8# 1-0

[Event "Rheinland Pfalz op 6th"]
[Site "Gau Algesheim"]
[Date "2014.06.21"]
[Round "5"]
[White "Guenther, Rainer"]
[Black "Pampel, Dominik"]
[Result "1-0"]
[WhiteElo "1701"]
[BlackElo "1300"]
[PlyCount "63"]
[EventDate "2014.06.19"]
[EventType "swiss"]
[EventRounds "7"]
[EventCountry "GER"]
[SourceTitle "CBM 161 Extra"]
[Source "ChessBase"]
[SourceDate "2014.08.29"]
[SourceVersion "1"]
[SourceVersionDate "2014.08.29"]
[SourceQuality "1"]

1. e4 e5 2. Bc4 Nc6 3. d3 Bc5 4. Nf3 h6 5. c3 Qf6 6. b4 Bb6 7. 0-0 d6 8. Be3 Bg4 9. Nbd2 Nge7 10. a4 a6 11. a5 Bxe3 12. fxe3 Qg6 13. Qb3 Be6 14. b5 Bxc4 15. Nxc4 axb5 16. Qxb5 Rb8 17. Nh4 Qe6 18. Nf5 Nxf5 19. exf5 Qd7 20. e4 0-0 21. f6 Rfd8 22. Ne3 Ra8 23. fxg7 Kxg7 24. Nf5+ Kh7 25. Qb2 Rxa5 26. Rxa5 Nxa5 27. Qd2 Qe6 28. Rf3 Nb3 29. Qe3 d5 30. Rh3 Qb6 31. d4 exd4 32. Rxh6+ 1-0

[Event "Rheinland Pfalz op 6th"]
[Site "Gau Algesheim"]
[Date "2014.06.19"]
[Round "1"]
[White "Brinckmann, Dieter"]
[Black "Pampel, Dominik"]
[Result "1-0"]
[WhiteElo "1887"]
[BlackElo "1300"]
[PlyCount "25"]
[EventDate "2014.06.19"]
[EventType "swiss"]
[EventRounds "7"]
[EventCountry "GER"]
[SourceTitle "CBM 161 Extra"]
[Source "ChessBase"]
[SourceDate "2014.08.29"]
[SourceVersion "1"]
[SourceVersionDate "2014.08.29"]
[SourceQuality "1"]

1. d4 d5 2. c4 e6 3. Nc3 c6 4. Nf3 Nf6 5. e3 Bb4 6. Bd3 Qa5 7. Bd2 dxc4 8. Bxc4 0-0 9. 0-0 Nbd7 10. Re1 Rd8 11. a3 Be7 12. Nd5 Qxd2 13. Nxe7+ 1-0

[Event "Rheinhessen-ch U16/U18"]
[Site "Heidesheim"]
[Date "2014.01.07"]
[Round "6"]
[White "Litzinger, Carsten"]
[Black "Pampel, Dominik"]
[Result "1/2-1/2"]
[WhiteElo "1141"]
[BlackElo "1112"]
[PlyCount "45"]
[EventDate "2014.01.07"]
[EventType "swiss"]
[EventRounds "7"]
[EventCountry "GER"]
[SourceTitle "EXT 2015"]
[Source "ChessBase"]
[SourceDate "2014.11.20"]
[SourceVersion "1"]
[SourceVersionDate "2014.11.20"]
[SourceQuality "1"]

1. d4 d5 2. e3 Nf6 3. c4 e6 4. cxd5 exd5 5. g3 c6 6. Bg2 Bb4+ 7. Bd2 Qa5 8. Nc3 0-0 9. a3 Bxc3 10. Bxc3 Qb6 11. Nf3 Re8 12. 0-0 Bg4 13. Qc2 Nbd7 14. h3 Bh5 15. Rfe1 Ne4 16. Nd2 Ndf6 17. b4 Bg6 18. Nf3 Nxg3 19. Qb2 Nge4 20. Ne5 Bf5 21. f3 Ng5 22. h4 Ne6 23. Bf1 1/2-1/2

[Event "Rheinhessen-ch U16/U18"]
[Site "Heidesheim"]
[Date "2014.01.07"]
[Round "4"]
[White "Pampel, Dominik"]
[Black "Arnold, Lukas"]
[Result "1-0"]
[WhiteElo "1112"]
[BlackElo "975"]
[PlyCount "47"]
[EventDate "2014.01.07"]
[EventType "swiss"]
[EventRounds "7"]
[EventCountry "GER"]
[SourceTitle "EXT 2015"]
[Source "ChessBase"]
[SourceDate "2014.11.20"]
[SourceVersion "1"]
[SourceVersionDate "2014.11.20"]
[SourceQuality "1"]

1. d4 e6 2. Nf3 d5 3. c4 Nf6 4. Bg5 Be7 5. e3 Nc6 6. Nc3 a6 7. Qb3 Bd7 8. Bxf6 Bxf6 9. cxd5 Na5 10. Qc2 0-0 11. Bd3 g6 12. 0-0 Re8 13. Rfe1 e5 14. dxe5 Bxe5 15. Nxe5 Rxe5 16. f4 Re8 17. Ne4 Bf5 18. Rad1 Qe7 19. Qc3 b6 20. Nf6+ Kf8 21. Nxh7+ Kg8 22. Nf6+ Kf8 23. Nxe8 Rxe8 24. Qh8# 1-0

[Event "Rheinhessen-ch U16/U18"]
[Site "Heidesheim"]
[Date "2014.01.07"]
[Round "7"]
[White "Pampel, Dominik"]
[Black "Scholze, Josua"]
[Result "1-0"]
[WhiteElo "1112"]
[BlackElo "941"]
[PlyCount "91"]
[EventDate "2014.01.07"]
[EventType "swiss"]
[EventRounds "7"]
[EventCountry "GER"]
[SourceTitle "EXT 2015"]
[Source "ChessBase"]
[SourceDate "2014.11.20"]
[SourceVersion "1"]
[SourceVersionDate "2014.11.20"]
[SourceQuality "1"]

1. d4 Nf6 2. Nf3 g6 3. Bg5 Bg7 4. e3 0-0 5. c4 d6 6. Nc3 c6 7. Bd3 Re8 8. 0-0 Bg4 9. Be2 e6 10. Qb3 Qc7 11. Rad1 Nbd7 12. Bf4 Bxf3 13. Bxf3 e5 14. dxe5 dxe5 15. Bg3 Rad8 16. Qa3 Qb6 17. Bh4 a5 18. Ne4 Ra8 19. Rd3 Qc7 20. Rfd1 b6 21. Nxf6+ Nxf6 22. Bxf6 Bxf6 23. Rd6 Be7 24. Rxc6 Qa7 25. Qa4 Rab8 26. Qb5 Bc5 27. Bd5 Red8 28. g3 a4 29. Rf6 Rf8 30. h4 a3 31. b3 Kg7 32. Rc6 f5 33. Be6 Rb7 34. b4 Be7 35. Qxe5+ Bf6 36. Qf4 Qa4 37. Rc7+ Rxc7 38. Qxc7+ Kh6 39. Qf4+ g5 40. Qf3 gxh4 41. Bxf5 hxg3 42. fxg3 Be5 43. Rd2 Bxg3 44. Rg2 Bh4 45. Qg4 Qe8 46. Qg7+ 1-0